Value-added animal production for the northern Great Plains ... annual report.

Bibliographic Details
Corporate Authors: Rangeland, Pasture, and Forages National Program (U.S.), United States. Agricultural Research Service
Format: Government Document Serial
Language:English
Published: [Washington, D.C.] : U.S. Dept. of Agriculture, Agricultural Research Service.
Subjects:
Online Access:https://purl.fdlp.gov/GPO/LPS121281

MARC

Tag First Indicator Second Indicator Subfields
LEADER 00000cas a2200000 a 4500
001 in00002578956
005 20211202193404.0
006 m |
007 cr |||||||||||
008 100406c20079999dcu|| |s f| 0eng c
010 |a  2010230076 
035 |a (OCoLC)ocn601820938 
037 |b ARS National Programs, 5601 Sunnyside Ave., GWCC 4-2154, Beltsville MD 20705 
040 |a GPO  |c GPO  |d MvI  |d UtOrBLW 
042 |a pcc 
043 |a np----- 
049 |a WWW 
074 |a 0026-A-62 (online) 
086 0 |a A 77.728/3:V 23/ 
245 0 0 |a Value-added animal production for the northern Great Plains ... annual report. 
264 1 |a [Washington, D.C.] :  |b U.S. Dept. of Agriculture, Agricultural Research Service. 
300 |a  :  |b HTML files. 
310 |a Annual 
336 |a text  |b txt  |2 rdacontent 
337 |a computer  |b c  |2 rdamedia 
338 |a online resource  |b cr  |2 rdacarrier 
362 1 |a Began with 2007. 
538 |a Mode of access: Internet via the USDA Agricultural Research Service web site. Address as of 4/06/10: http://www.ars.usda.gov/research/projects/projects.htm?ACCN%5FNO=411836&showpars=true&fy=2007 ; current access available via PURL. 
500 |a Description based on: 2007; title from title screen (viewed Apr. 6, 2010). 
500 |a Latest issue consulted: 2009. 
515 |a Report covers fiscal year. 
500 |a Electronic resource. 
650 0 |a Cattle trade  |x Technological innovations  |z Great Plains  |v Periodicals. 
650 0 |a Sheep industry  |x Technological innovations  |z Great Plains  |v Periodicals. 
650 0 |a Value added  |z Great Plains  |v Periodicals. 
710 2 |a Rangeland, Pasture, and Forages National Program (U.S.) 
710 1 |a United States.  |b Agricultural Research Service. 
856 4 0 |u https://purl.fdlp.gov/GPO/LPS121281  |t 0 
999 |a MARS 
999 f f |s 72ec8993-5f2d-32ad-837b-34dea681f64a  |i 0f283fd4-91e5-3e2d-a531-536234231273  |t 0 
952 f f |a Texas A&M University  |b College Station  |c Electronic Resources  |d Available Online  |t 0  |e A 77.728/3:V 23/  |h Superintendent of Documents classification 
998 f f |a A 77.728/3:V 23/  |t 0  |l Available Online